000 00295nam a2200109Ia 4500
008 220204s9999 xx 000 0 und d
082 _a002.2458
_bWIG
100 _aArthur W
245 0 _aPhysical science with environmental applications
260 _aAtlanta
_bHoughton Mifflin6c1974
942 _cBK
999 _c26683
_d26683